Quaresma del padre Pablo Señeri (Record no. 8374)

MARC details
000 -CABECERA
campo de control de longitud fija 00915nam a2200229 a 4500
001 - NÚMERO DE CONTROL
campo de control BRCA_8722
005 - FECHA Y HORA DE LA ÚLTIMA TRANSACCIÓN
campo de control 20190320210359.0
008 - DATOS DE LONGITUD FIJA--INFORMACIÓN GENERAL
campo de control de longitud fija 140217s1786----sp-#######---#000-0#spa-#
041 ## - CÓDIGO DE LENGUA
Código de lengua del texto/banda sonora o título independiente spa
044 ## - CÓDIGO DEL PAÍS DE LA ENTIDAD EDITORA/PRODUCTORA
Código MARC del país sp
084 ## - OTRO NÚMERO DE CLASIFICACIÓN
Número de clasificación BE65
Número de documento/Ítem .S46 1786
100 1# - ENTRADA PRINCIPAL--NOMBRE DE PERSONA
Nombre de persona Señeri, Pablo
Fechas asociadas al nombre 1624-1694
9 (RLIN) 21265
245 10 - MENCIÓN DE TÍTULO
Título Quaresma del padre Pablo Señeri
Resto del título de la compañía de Jesús, predicador de N. Santísima P. Inocencio XII. y su theologo
Mención de responsabilidad, etc. traducida de la lengua toscana a la castellana por el Doctor Antonio de las Casas.
260 ## - PUBLICACIÓN, DISTRIBUCIÓN, ETC.
Lugar de publicación, distribución, etc. Madrid
Nombre del editor, distribuidor, etc. En la Imprenta de Blas Roman
Fecha de publicación, distribución, etc. 1786
300 ## - DESCRIPCIÓN FÍSICA
Extensión [4]. 394 p. (t.2)
Dimensiones 20.4 x 15 cm.
500 ## - NOTA GENERAL
Nota general Estado físico: presenta encuadernación en pergamino, con lomo y portada desprendidos
650 14 - PUNTO DE ACCESO ADICIONAL DE MATERIA--TÉRMINO DE MATERIA
Término de materia o nombre geográfico como elemento de entrada Sermones de cuaresma
Subdivisión cronológica Obras anteriores a 1800
9 (RLIN) 21718
700 1# - PUNTO DE ACCESO ADICIONAL--NOMBRE DE PERSONA
Nombre de persona Inocencio XII
Títulos y otros términos asociados al nombre Papa
9 (RLIN) 21719
700 1# - PUNTO DE ACCESO ADICIONAL--NOMBRE DE PERSONA
Nombre de persona Casas, Antonio de las
Término indicativo de función/relación tr.
9 (RLIN) 21720
902 ## - CATALOGADOR
Iniciales CFM
942 ## - ELEMENTOS DE PUNTO DE ACCESO ADICIONAL (KOHA)
Fuente del sistema de clasificación o colocación Library of Congress Classification
Tipo de ítem Koha Libros
Holdings
Estado de retiro Estado de pérdida Estado dañado No para préstamo Localización permanente Ubicación/localización actual Fecha de adquisición Total de préstamos Signatura topográfica completa Código de barras Fecha visto por última vez Precio válido a partir de Tipo de ítem Koha
El ejemplar forma parte de la colección y puede ser consultado según las políticas vigentes.       Biblioteca del Museo Franz Mayer (Rogerio Casas-Alatriste) Biblioteca del Museo Franz Mayer (Rogerio Casas-Alatriste) 14/02/2017   BE65 .S46 1786 CFM00058 22/03/2019 22/03/2019 Libros